000 00364nam a2200133 a 4500
005 20251228195002.0
008 251227s2025##################000#0#eng##
020 _a9780073325958
_qpbk
041 _aeng
082 0 4 _a650.015195
_bBOW
245 1 0 _aStudy guide for use with Business statistics in practice
260 _aNew York
_bMc Graw Hill
_c2009
942 _cREF
999 _c605499
_d605499